Music Quiz

Random Music or Song Quiz

UK CHARTS ONE HIT WONDERS Quiz Stats

 Plays Quiz not verified by Sporcle

Challenge
Share
Tweet
Embed
Score 0/32 Timer 10:00
0 Plays Today
SONG ARTIST % Correct
ANNIE'S SONGJOHN DENVER
84.5%
SUGAR SUGARARCHIES
81.7%
WANDRIN' STARLEE MARVIN
81.7%
SPIRIT IN THE SKYNORMAN GREENBAUM
80.3%
GRANDADCLIVE DUNN
80.3%
LOVE GROWS WHERE MY ROSEMARY GOESEDISON LIGHTHOUSE
74.6%
IFTELLY SAVALAS
74.6%
FLOAT ONFLOATERS
73.2%
RING MY BELLANITA WARD
73.2%
UPTOWN TOP RACKINGALTHEA AND DONNA
71.8%
IN THE YEAR 2525ZAGER AND EVANS
70.4%
EYE LEVELSIMON PARK ORCHESTRA
70.4%
FIRECRAZY WORLD OF ARTHUR BROWN
69%
SOMETHING IN THE AIRTHUNDERCLAP NEWMAN
69%
ONE DAY AT A TIMELENA MARTELL
69%
BARBADOSTYPICALLY TROPICAL
67.6%
SONG ARTIST % Correct
MATCHSTALK MEN AND MATCHSTALK CATS AND DOGSBRIAN AND MICHAEL
64.8%
MICHELLEOVERLANDERS
59.2%
SAN FRANCISCOSCOTT MCKENZIE
57.7%
BLUE MOONTHE MARCELS
52.1%
NUT ROCKER B BUMBLE AND THE STINGERS
50.7%
NO CHARGEJ J BARRIE
49.3%
WHISPERING GRASSWINDSOR DAVIES AND DON ESTELLE
47.9%
THE GOOD THE BAD AND THE UGLYHUGO MONTENEGRO
46.5%
WHENKALIN TWINS
42.3%
JE T'AIME MOI NON PLUSJANE BIRKIN AND SERGE GAINSBOURG
38%
MICHAELTHE HIGHWAYMEN
31%
LITTLE THINGS MEAN A LOTKITTY KALLEN
29.6%
WOODSTOCKMATTHEW SOUTHERN COMFORT
29.6%
TELL LAURA I LOVE HERRICKY VALANCE
28.2%
IT'S ALMOST TOMORROWDREAMWEAVERS
26.8%
HERE COMES SUMMERJERRY KELLER
25.4%

You're not logged in!

Compare scores with friends on all Sporcle quizzes.
OR
Log In

You Might Also Like...

Show Comments

Extras

Top Quizzes Today


Score Distribution

Your Account Isn't Verified!

In order to create a playlist on Sporcle, you need to verify the email address you used during registration. Go to your Sporcle Settings to finish the process.

Report this User

Report this user for behavior that violates our Community Guidelines.

Details: